| 000 | 00574nam a2200169 a 4500 | ||
|---|---|---|---|
| 001 | 000043186 | ||
| 005 | 20201002040714.0 | ||
| 008 | 140221s1973 sp 000 0 spa d | ||
| 020 | _a34407426 | ||
| 040 |
_aDO-SdBNP _bspa _cBNPHU |
||
| 082 |
_axxxxxxx _bxxxxxxx |
||
| 100 | 1 |
_aPastor Togner, Reyna de _970777 |
|
| 245 | 1 | 0 |
_aConflictos sociales y estancamiento económico en la España Medieval / _cReyna Pastor de Togner. |
| 260 |
_aBarcelona, : _bAriel, _c1973. |
||
| 300 |
_a268 p. ; _c18 cm. |
||
| 504 | _aIncluye referencias bibliográficas y notas al pie de las páginas | ||
| 999 |
_c42675 _d42675 |
||